000 00307nam a2200133 i 4500
001 bg
100 1 _aMAREK, Andrzej
245 0 _aPrawo wykroczeń w zarysie /
_cAndrzej Marek.
260 _aWarszawa,
_c1975.
040 _cBPK
041 _apol
942 _cKS
008 s pl f |000 0 pol
999 _c27473
_d27473
856 _uhttp://koha.tu.koszalin.pl/cgi-bin/koha/opac-detail.pl?biblionumber=27473
_yKatalog online BPK